000 00926nam a2200241 a 4500
001 000010997
005 20240508073814.0
008 091013s2009 dr 001 0 spa d
020 _a9789945020717
040 _aDO-SdBNP
_bspa
_cBNPHU
082 _axxxx
_bG393r
245 0 0 _aGestión de riesgos para la prevención y mitigación de desastres en el patrimonio documental /
_cSofía Borrego Alonso... [et al.] ; edición Lillibel Noemí Blanco Fernández.
260 _aSanto Domingo :
_bArchivo General de la Nación,
_c2009.
300 _a148 p. :
_bil., retr. ;
_c23 cm.
490 1 _aArchivo General de la Nación
_v84
504 _aIncluye bibligrafía (p. 85 -87 )
700 1 _aBorrego Alonso, Sofía
_926415
700 1 _aDorta Valdéz, Maritza
_926416
700 1 _aPérez Lara, Ana
_926417
700 1 _aMirabal Villason, Maritza
_926418
700 1 _aBlanco Fernández, Lillibel Noemí
_926150
049 _aBNPD
999 _c10735
_d10735